| 000 -LEADER |
| fixed length control field |
00522pab a2200169 454500 |
| 008 - FIXED-LENGTH DATA ELEMENTS--GENERAL INFORMATION |
| fixed length control field |
180718b2001 xxu||||| |||| 00| 0 eng d |
| 100 ## - MAIN ENTRY--PERSONAL NAME |
| Personal name |
Helden, G. Jan Van |
| 245 ## - TITLE STATEMENT |
| Title |
The application of business like planning and control in local government: a field study of eight Dutch municipalities |
| 260 ## - PUBLICATION, DISTRIBUTION, ETC. |
| Date of publication, distribution, etc. |
2001 |
| 300 ## - PHYSICAL DESCRIPTION |
| Extent |
p.61-86 |
| 362 ## - DATES OF PUBLICATION AND/OR SEQUENTIAL DESIGNATION |
| Dates of publication and/or sequential designation |
Spring |
| 650 ## - SUBJECT ADDED ENTRY--TOPICAL TERM |
| Topical term or geographic name entry element |
Local government - Netherlands |
| 650 ## - SUBJECT ADDED ENTRY--TOPICAL TERM |
| Topical term or geographic name entry element |
Local government |
| 700 ## - ADDED ENTRY--PERSONAL NAME |
| Personal name |
Bogt, Henk J. Ter |
| 773 ## - HOST ITEM ENTRY |
| Main entry heading |
Local Government Studies |
| 909 ## - |
| -- |
48963 |